[Event "BRA-ch Regional Sul"]
[Site "Lages"]
[Date "2019.10.20"]
[Round "5"]
[White "Leandro, Diego Rodrigo Stadl"]
[Black "Rodrigues, Joao Antonio"]
[Result "0-1"]
[WhiteElo "1574"]
[BlackElo "1800"]
[PlyCount "76"]
[EventDate "2019.10.18"]
[EventType "swiss"]
[EventRounds "5"]
[EventCountry "BRA"]
[SourceTitle "CBM 195 Extra"]
[Source "ChessBase"]
[SourceDate "2020.05.31"]
[SourceVersion "1"]
[SourceVersionDate "2020.05.31"]
[SourceQuality "1"]

1. e4 c6 2. d4 d5 3. e5 c5 4. c3 Nc6 5. Nf3 Bg4 6. Be2 e6 7. 0-0 Nge7 8. Na3 a6 9. Be3 Nf5 10. Nc2 Qb6 11. Rb1 Rc8 12. Kh1 Be7 13. a3 0-0 14. h3 Bxf3 15. Bxf3 f6 16. exf6 Bxf6 17. Bg4 cxd4 18. Bxf5 exf5 19. cxd4 f4 20. Bxf4 Bxd4 21. Nxd4 Qxd4 22. Bd6 Rfd8 23. Bg3 Qxd1 24. Rbxd1 Na5 25. Rfe1 Nc4 26. Re7 b5 27. Bc7 Re8 28. Rxe8+ Rxe8 29. Rxd5 Nxb2 30. Rd7 Nc4 31. Rd3 Rc8 32. Bf4 Re8 33. Kh2 Re2 34. Kg3 Ra2 35. Rd8+ Kf7 36. Rd7+ Kg6 37. h4 Rxa3+ 38. Kg4 h5# 0-1

[Event "Caioba Copel op 5th"]
[Site "Caioba"]
[Date "2019.09.17"]
[Round "4"]
[White "Mileski, Lucas de Souza"]
[Black "Leandro, Diego Rodrigo Stadl"]
[Result "1-0"]
[WhiteElo "1808"]
[BlackElo "1578"]
[PlyCount "79"]
[EventDate "2019.08.15"]
[EventType "swiss"]
[EventRounds "6"]
[EventCountry "BRA"]
[SourceTitle "EXT 2020"]
[Source "ChessBase"]
[SourceDate "2019.10.17"]
[SourceVersion "1"]
[SourceVersionDate "2019.10.17"]
[SourceQuality "1"]

1. Nf3 d5 2. c4 e6 3. g3 Nf6 4. Bg2 Be7 5. 0-0 0-0 6. d4 c5 7. cxd5 exd5 8. Nc3 Nc6 9. Bg5 c4 10. Ne5 h6 11. Bf4 Bf5 12. Rc1 g5 13. Be3 Re8 14. Qd2 Nxe5 15. dxe5 Ne4 16. Qxd5 Nxc3 17. Rxc3 Qxd5 18. Bxd5 b5 19. Bc6 a6 20. a3 Be6 21. Rcc1 Bf8 22. Bd4 Rad8 23. Rfd1 Bg7 24. Bxe8 Rxe8 25. f4 Bf8 26. Kf2 a5 27. e4 Rc8 28. f5 Bd7 29. Bb6 Bc6 30. Ke3 Re8 31. Bd4 a4 32. g4 Bg7 33. f6 Bf8 34. Rh1 Kh7 35. h4 Kg6 36. hxg5 Kxg5 37. Rh5+ Kg6 38. Rch1 Bd7 39. Kf3 Rd8 40. Be3 1-0

[Event "Sao Jose dos Pinhais U2200"]
[Site "Sao Jose dos Pinhais"]
[Date "2019.05.24"]
[Round "2"]
[White "Leandro, Diego Rodrigo Stadl"]
[Black "Salvadego, Matheus Henrique De"]
[Result "0-1"]
[WhiteElo "1513"]
[BlackElo "1947"]
[PlyCount "54"]
[EventDate "2019.05.24"]
[EventType "swiss"]
[EventRounds "7"]
[EventCountry "BRA"]
[SourceTitle "EXT 2020"]
[Source "ChessBase"]
[SourceDate "2019.10.17"]
[SourceVersion "1"]
[SourceVersionDate "2019.10.17"]
[SourceQuality "1"]

1. d4 Nf6 2. c4 g6 3. Nc3 Bg7 4. e4 d6 5. h3 0-0 6. Bg5 c5 7. d5 Qa5 8. Qd2 e6 9. Be2 exd5 10. exd5 a6 11. Nf3 Bd7 12. 0-0 b5 13. Bxf6 Bxf6 14. Ne4 Qd8 15. Nxf6+ Qxf6 16. b3 bxc4 17. bxc4 Bf5 18. Qf4 Nd7 19. Rfd1 Rfe8 20. Bf1 Rab8 21. Re1 Re4 22. Qd2 Ne5 23. Nxe5 Qxe5 24. Bd3 Rb2 25. Qa5 Qd4 26. Bxe4 Qxf2+ 27. Kh1 Bxe4 0-1